Cruzando límites : trabajadores culturales y políticas educativas /

Uloženo v:
Podrobná bibliografie
Hlavní autor: Giroux, Henry A. (autor)
Médium: Kniha
Jazyk:španělština
Vydáno: Barcelona, España : Paidós, 1997, c1997
Edice:(Paidós Educador ; 123)
Témata:
Tagy: Přidat tag
Žádné tagy, Buďte první, kdo vytvoří štítek k tomuto záznamu!

MARC

LEADER 00000nam^a2200000^a^4500
001 000062615
005 20250521000000.0
009 20260310090955.432
020 |a 84-493-0353-2 
037 |a Acervo ITESO - Biblioteca 
041 |a ESP 
082 |a 370. 1934  |b GIR 
100 |a Giroux, Henry A.  |e (autor) 
245 1 0 |a Cruzando límites :  |b trabajadores culturales y políticas educativas /  |c H.A. Giroux ; tr. por José Pedro Tosaus Abadía. 
264 4 |a Barcelona, España :  |b Paidós,  |c 1997, c1997 
300 |a 298 p. 
336 |a texto  |b txt  |2 rdacontenido 
337 |a sin mediación  |b n  |2 rdamedio 
338 |a volumen  |b nc  |2 rdasoporte 
440 1 |a (Paidós Educador ;  |v 123) 
649 |a XX 
650 |a Democratización de la Educación 
650 |a Feminismo 
650 |a Racismo 
650 |a Tolerancia e Intolerancia 
650 |a Justicia e Injusticia 
650 |a Educación y Política 
650 |a Política Educativa 
650 |a Sociología de la Educación 
650 |a Filosofía de la Educación 
650 |a Sociología de la Cultura 
910 |a Fondo General 
920 |a Impresos - Libros 
930 |a Colección General 
905 |a 101 
901 |a 0500015296  |b IT1  |c ACC  |u 20250521 
901 |a 0500015300  |b IT1  |c ACC  |u 20250521 
902 |a https://opac.biblio.iteso.mx/vufind/Record/000062615